Significance of Primary Tumor Location and Histology for Brain Metastasis Development and Peritumoral Brain Edema in Lung Cancer

The clinicopathological characteristics of lung cancer are related to the development and radiographic features of brain metastases. Our results might be helpful in selecting patients who might benefit from prophylactic cranial irradiation.

Elmentve itt :
Bibliográfiai részletek
Szerzők: Fábián Katalin
Gyulai Márton
Furák József
Várallyay Péter
Jäckel Márta
Bogos Krisztina
Döme Balázs
Pápay Judit
Tímár József
Szállási Zoltán
Moldvay Judit
Dokumentumtípus: Cikk
Megjelent: 2016
Sorozat:Oncology 91 No. 5
doi:10.1159/000447517

mtmt:3104636
Online Access:http://publicatio.bibl.u-szeged.hu/10782
LEADER 01318nab a2200325 i 4500
001 publ10782
005 20201203145230.0
008 170223s2016 hu o 0|| zxx d
022 |a 1423-0232 
024 7 |a 10.1159/000447517  |2 doi 
024 7 |a 3104636  |2 mtmt 
040 |a SZTE Publicatio Repozitórium  |b hun 
041 |a zxx 
100 1 |a Fábián Katalin 
245 1 0 |a Significance of Primary Tumor Location and Histology for Brain Metastasis Development and Peritumoral Brain Edema in Lung Cancer  |h [elektronikus dokumentum] /  |c  Fábián Katalin 
260 |c 2016 
300 |a 237-242 
490 0 |a Oncology  |v 91 No. 5 
520 3 |a The clinicopathological characteristics of lung cancer are related to the development and radiographic features of brain metastases. Our results might be helpful in selecting patients who might benefit from prophylactic cranial irradiation. 
700 0 1 |a Gyulai Márton  |e aut 
700 0 1 |a Furák József  |e aut 
700 0 1 |a Várallyay Péter  |e aut 
700 0 1 |a Jäckel Márta  |e aut 
700 0 1 |a Bogos Krisztina  |e aut 
700 0 1 |a Döme Balázs  |e aut 
700 0 1 |a Pápay Judit  |e aut 
700 0 1 |a Tímár József  |e aut 
700 0 1 |a Szállási Zoltán  |e aut 
700 0 1 |a Moldvay Judit  |e aut 
856 4 0 |u http://publicatio.bibl.u-szeged.hu/10782/1/document.pdf  |z Dokumentum-elérés